<?xml version="1.0" encoding="UTF-8"?>
<record
    xmlns:xsi="http://www.w3.org/2001/XMLSchema-instance"
    xsi:schemaLocation="http://www.loc.gov/MARC21/slim http://www.loc.gov/standards/marcxml/schema/MARC21slim.xsd"
    xmlns="http://www.loc.gov/MARC21/slim">

  <leader>03013nmm a22003857a 4500</leader>
  <controlfield tag="001">046816</controlfield>
  <controlfield tag="003">UAHC_CL</controlfield>
  <controlfield tag="005">20260506125151.0</controlfield>
  <controlfield tag="007">ta</controlfield>
  <controlfield tag="008">260506s2024  cl        o  d000   spspa d</controlfield>
  <datafield tag="040" ind1=" " ind2=" ">
    <subfield code="a">UAHC_CL</subfield>
    <subfield code="c">UAHC_CL</subfield>
    <subfield code="d">UAHC_CL</subfield>
  </datafield>
  <datafield tag="100" ind1=" " ind2=" ">
    <subfield code="a">Donoso Moya, Jorge</subfield>
    <subfield code="9">23441</subfield>
  </datafield>
  <datafield tag="245" ind1="1" ind2="3">
    <subfield code="a">La escuela rural frente al capitalismo global : </subfield>
    <subfield code="b">experiencias docentes en la pre cordillera de la Regi&#xF3;n del Biob&#xED;o</subfield>
    <subfield code="c">Jorge E. Donoso Moya ; profesor gu&#xED;a Fabian E. Gonz&#xE1;lez Calder&#xF3;n.</subfield>
  </datafield>
  <datafield tag="264" ind1=" " ind2=" ">
    <subfield code="a">Santiago, Chile :</subfield>
    <subfield code="b">Universidad Academia de Humanismo Cristiano,</subfield>
    <subfield code="c">2024.</subfield>
  </datafield>
  <datafield tag="300" ind1=" " ind2=" ">
    <subfield code="a">48 p&#xE1;ginas.</subfield>
  </datafield>
  <datafield tag="500" ind1=" " ind2=" ">
    <subfield code="a">Tesis para optar al grado de Licenciado en Educaci&#xF3;n y al T&#xED;tulo de Profesor en Educaci&#xF3;n Media de Historia y Ciencias Sociales.</subfield>
  </datafield>
  <datafield tag="502" ind1=" " ind2=" ">
    <subfield code="a">Tesis (Pedagog&#xED;a en Historia) -- Universidad Academia de Humanismo Cristiano, 2024.</subfield>
  </datafield>
  <datafield tag="516" ind1=" " ind2=" ">
    <subfield code="a">Tesis electr&#xF3;nica (PDF). Solicitar env&#xED;o de documento a biblioteca@academia.cl.</subfield>
  </datafield>
  <datafield tag="520" ind1=" " ind2=" ">
    <subfield code="a">El presente trabajo analiza las tensiones entre la expansi&#xF3;n de una cultura hegem&#xF3;nica global y las realidades rurales, entendidas como parte de una relaci&#xF3;n centro-periferia. Se plantea que el capitalismo global promueve una l&#xF3;gica monocultural basada en el consumo, el individualismo y el exitismo, lo que impacta negativamente en los territorios rurales, oblig&#xE1;ndolos a integrarse en condiciones desiguales y con escasa valoraci&#xF3;n de sus saberes y formas de vida.
Desde una perspectiva cr&#xED;tica, se se&#xF1;ala que estas din&#xE1;micas generan la subordinaci&#xF3;n de las comunidades rurales, consideradas como &#x201C;oprimidas&#x201D;, tanto en el plano econ&#xF3;mico como cultural. En el &#xE1;mbito educativo, esto se traduce en un sistema que privilegia enfoques globalizados y urbanos, ignorando las particularidades territoriales, lo que profundiza las desigualdades y limita las oportunidades de aprendizaje pertinentes.
El escrito propone repensar la educaci&#xF3;n rural desde una mirada contextualizada, que valore los saberes locales y reconozca el territorio como parte del proceso educativo. Se plantea la necesidad de construir un curr&#xED;culo flexible y situado, que responda a las realidades culturales diversas y contribuya a la emancipaci&#xF3;n de las comunidades. En este sentido, la educaci&#xF3;n se concibe como una herramienta clave para resistir la homogeneizaci&#xF3;n cultural y avanzar hacia una formaci&#xF3;n m&#xE1;s inclusiva, cr&#xED;tica y liberadora.</subfield>
  </datafield>
  <datafield tag="650" ind1=" " ind2="0">
    <subfield code="a">Educaci&#xF3;n rural </subfield>
    <subfield code="z">Chile</subfield>
    <subfield code="9">717</subfield>
  </datafield>
  <datafield tag="650" ind1=" " ind2="0">
    <subfield code="a">Desigualdad social</subfield>
    <subfield code="z">Chile</subfield>
    <subfield code="9">6133</subfield>
  </datafield>
  <datafield tag="650" ind1=" " ind2="0">
    <subfield code="a">Globalizaci&#xF3;n</subfield>
    <subfield code="9">129</subfield>
  </datafield>
  <datafield tag="650" ind1=" " ind2="0">
    <subfield code="a">Capitalismo</subfield>
    <subfield code="9">427</subfield>
  </datafield>
  <datafield tag="650" ind1=" " ind2="0">
    <subfield code="a">Cultura dominante</subfield>
    <subfield code="9">23442</subfield>
  </datafield>
  <datafield tag="650" ind1=" " ind2="0">
    <subfield code="a">Pluralismo cultural</subfield>
    <subfield code="x">Chile</subfield>
    <subfield code="9">1162</subfield>
  </datafield>
  <datafield tag="650" ind1=" " ind2="0">
    <subfield code="a">Educaci&#xF3;n multicultural</subfield>
    <subfield code="9">434</subfield>
  </datafield>
  <datafield tag="650" ind1=" " ind2="0">
    <subfield code="a">Comunidades rurales </subfield>
    <subfield code="z">Chile</subfield>
    <subfield code="9">8830</subfield>
  </datafield>
  <datafield tag="653" ind1=" " ind2=" ">
    <subfield code="a">Hegemon&#xED;a cultural</subfield>
  </datafield>
  <datafield tag="653" ind1=" " ind2=" ">
    <subfield code="a">Monocultura global</subfield>
  </datafield>
  <datafield tag="653" ind1=" " ind2=" ">
    <subfield code="a">Desigualdad territorial</subfield>
  </datafield>
  <datafield tag="653" ind1=" " ind2=" ">
    <subfield code="a">Resistencia cultural</subfield>
  </datafield>
  <datafield tag="700" ind1=" " ind2=" ">
    <subfield code="a">Gonz&#xE1;lez Calder&#xF3;n, Fabi&#xE1;n</subfield>
    <subfield code="9">6109</subfield>
    <subfield code="e">profesor gu&#xED;a</subfield>
  </datafield>
  <datafield tag="900" ind1=" " ind2=" ">
    <subfield code="a">TPHIS 265</subfield>
  </datafield>
  <datafield tag="942" ind1=" " ind2=" ">
    <subfield code="c">TS</subfield>
    <subfield code="2">ddc</subfield>
  </datafield>
  <datafield tag="999" ind1=" " ind2=" ">
    <subfield code="c">63679</subfield>
    <subfield code="d">63679</subfield>
  </datafield>
  <datafield tag="952" ind1=" " ind2=" ">
    <subfield code="0">0</subfield>
    <subfield code="1">0</subfield>
    <subfield code="4">0</subfield>
    <subfield code="7">0</subfield>
    <subfield code="8">COMP</subfield>
    <subfield code="B">PHIS</subfield>
    <subfield code="a">BC</subfield>
    <subfield code="b">BC</subfield>
    <subfield code="c">Digital</subfield>
    <subfield code="d">2026-05-06</subfield>
    <subfield code="l">0</subfield>
    <subfield code="o">TPHIS 265</subfield>
    <subfield code="r">2026-05-06 12:52:18</subfield>
    <subfield code="w">2026-05-06</subfield>
    <subfield code="y">TS</subfield>
    <subfield code="z">Documento en PDF</subfield>
  </datafield>
</record>
